000 00446pab a2200169 454500
008 180718b2003 xxu||||| |||| 00| 0 eng d
100 _aJyothi Lakshmi A. et al
245 _aNutritional status of rural preschool children - mediating factors
260 _c2003
300 _ap.45-56.
362 _aDec
650 _aPreschool children
650 _aChildren
650 _aNutrition
773 _aJournal of Family Welfare
909 _a60038
999 _c60038
_d60038